000 00880 a2200241 4500
005 20240809130443.0
008 150415s mx r 000 spa d
035 _a17963
040 _aUniagraria
_bspa
_erda
090 _aTesis / 0648 / Adm
100 1 _aMendoza Aranda, Diana Milena
245 1 0 _aAnálisis del riesgo de las acciones de mayor rentabilidad pertenecientes al sector financiero durante el periodo enero 2009 a junio 2014
264 _aBogotá
_bUniagraria
_c2014
300 _a1 Cd-Rom
336 _aimagen móvil bidimensional
_btdi
_2rdacontent
337 _avideo
_bv
_2rdamedia
338 _avideodisco
_bvd
_2rdacarrier
502 _aTesis (Profesional), Uniagraria. Facultad De Administración 2014
598 _a30
650 4 _aEnero 2009 - junio 2014
650 4 _aRiesgos - acciones de mayor rentabilidad - análisis
650 4 _aSector financiero
999 _c36241
_d36241